| 000 | 00000nam##2200000za#4500 |
| 001 | 9.573944 |
| 003 | CaOODSP |
| 005 | 20210624183938 |
| 007 | cr ||||||||||| |
| 008 | 150406|1997||||xxc|||||o f|0| 0 eng|d |
| 040 | |aCaOODSP|beng |
| 043 | |an-cn--- |
| 086 | 1 |aH42-2/67-13-1997E-PDF |
| 110 | 1 |aCanada.|bHealth Canada. |bTherapeutic Products Directorate. |
| 245 | 10|aTiming of non-clinical safety studies for the conduct of human clinical trials for pharmaceuticals : |h[electronic resource]|bICH harmonized tripartite guideline, International Conference on Harmonisation of Technical Requirements for Registration of Pharmaceuticals for Human Use / |cPublished by authority of the Minister of Health. |
| 260 | |aOttawa - Ontario : |bHealth Canada. |cJune 18, 1998, c1997. |
| 300 | |a19p.|breferences, tables |
| 490 | 1 |aTherapeutic Products Directorate guidelines |
| 500 | |aIncorrect catalogue number (H42-2/67-13-1997IN) and ISBN (0-662-26386-3) copied in this electronic publication. |
| 546 | |aIncludes some text in French. |
| 590 | |a12-21-Supp|b2012-05-18 |
| 690 | 07|aPharmacology|2gcpds |
| 690 | 07|aToxicology|2gcpds |
| 775 | 08|tCalendrier des études d'innocuité non cliniques pour la conduite d'essais cliniques de produits pharmaceutiques sur les sujets humains : |w(CaOODSP)9.603919 |
| 776 | 0#|tICH harmonized tripartite guideline: Timing of non-clinical safety studies for the conduct of human clinical trials for pharmaceuticals : |w(CaOODSP)9.614225 |
| 830 | #0|aTherapeutic Products Directorate guidelines.|w(CaOODSP)9.506920 |
| 856 | 40|ahttp://publications.gc.ca|qPDF|s42 KB|uhttps://publications.gc.ca/collections/Collection/H42-2-67-13-1997E.pdf |